| 000 | 00369 a2200133 4500 | ||
|---|---|---|---|
| 020 | _a0978506022 | ||
| 090 |
_c5981 _d5981 |
||
| 100 | _aFarid, Jawwad Ahmed | ||
| 245 |
_aReboot: In search for the land of opportunity _cJawwad Ahmed Farid |
||
| 250 | _a2nd | ||
| 260 |
_aKarachi: _bAlchemy Technologies, _c2009. |
||
| 300 |
_avii, 173 p. ; _c21 cm. |
||
| 942 |
_cBK _k658.11 FAR |
||
| 999 |
_c9818 _d9818 |
||